| 000 | 00760cam a22002413a 4500 | ||
|---|---|---|---|
| 001 | 24526 | ||
| 003 | PGUSA | ||
| 005 | 20140828083526.0 | ||
| 008 | 080205s2008||||xxu|||||s|||||000 | eng d | ||
| 040 |
_aPGUSA _beng |
||
| 042 | _adc | ||
| 050 | 4 | _aLB | |
| 100 | 1 |
_aNewman, John Henry, _d1801-1890 |
|
| 245 | 1 | 4 |
_aThe Idea of a University Defined and Illustrated : _bIn Nine Discourses Delivered to the Catholics of Dublin _h[electronic resource] / _cJohn Henry Newman |
| 260 |
_bProject Gutenberg, _c2008 |
||
| 506 | _aPublic domain in the USA. | ||
| 516 | _aElectronic text | ||
| 653 | _aUniversities and colleges | ||
| 653 | _aEducation, Higher | ||
| 830 | 0 |
_aProject Gutenberg _v24526 |
|
| 856 | 4 | 0 | _uhttp://www.gutenberg.org/ebooks/24526 |
| 942 | _cEB | ||
| 999 |
_c253781 _d253781 |
||